History Quiz

Random History or Politics Quiz

Paramilitary Forces of the Weimar Republic Quiz Stats

 Plays Quiz not verified by Sporcle

Challenge
Share
Tweet
Embed
Score 0/6 Timer 06:00
0 Plays Today
Political Position (Party) Group % Correct
Far-right (Nazi Party)Sturmabteilung
91.8%
Right-wingFreikorps
72.1%
Right-wing (DNVP)Stahlhelm, Bund der Frontsoldaten
32.8%
Left-wing (SPD)Reichsbanner Schwarz-Rot-Gold
29.5%
Far-left (KPD)Rotfrontkämpferbund
27.9%
Right-wingOrganisation Consul
19.7%

You're not logged in!

Compare scores with friends on all Sporcle quizzes.
Join for Free
OR
Log In

You Might Also Like...

Show Comments

Extras

Top Quizzes Today


Score Distribution

Your Account Isn't Verified!

In order to create a playlist on Sporcle, you need to verify the email address you used during registration. Go to your Sporcle Settings to finish the process.

Report this User

Report this user for behavior that violates our Community Guidelines.

Details: